Normal view
MARC view
- Blanco, Riki,
Entry Nombre Personal
001 - NUMERO DE CONTROL
- campo de control: 35819
003 - IDENTIFICADOR DE NUMERO DE CONTROL
- campo de control: UPN
005 - FECHA Y HORA DE LA ÜLTIMA TRANSACCIÓN
- campo de control: 20210219194507.0
008 - DATOS DE LONGITUD FIJA
- campo de control de longitud fija: nabaccnnaabn|||||||||| b |nc|||||d
035 ## - NUMERO DE CONTROL
- Número de control: UPN11000007926
040 ## - FUENTE DE CATALOGACIÓN
- Lenguaje de catalogación: SPA
- Agencia de transcripción: UPN
100 1# - ENCABEZAMIENTO - NOMBRE PERSONAL
- Nombre personal: Blanco, Riki,
- Fechas asociadas con el nombre: 1978-
670 ## - FUENTE EN LA QUE SE LOCALIZARON DATOS
- Cita de la fuente: LC/P
680 ## - NOTA PUBLICA DE ACCESO PÚBLICO
- Frase explicativa de la referencia: Ilustrador, diseñador, animador, escenógrafo, diseñador de vestuario y dirección artística. Español, 2º Premio Nacional de ilustración 2007 y las selecciones White Ravens, Fundación Germán Sánchez Ruipérez y Banco del libro.
902 ## - CATALOGADOR
- Catalogador: MITM/180914
